01013nam a2200277 a 450000500170000000800410001702000180005802000180007602000150009405000230010910000240013224501170015625000290027326000600030230000340036250001170039652100090051365000150052265000410053765000260057865000520060470000230065670000190067970000200069870000170071820140310183624.0121023s19uu xx 00 eng d a9780538473200 a9781111221843 a1111221847 aHF 5635b.J76 2012 aJones, Jefferson P. aFinancial and managerial accounting :bthe cornerstones of business decisions /cJefferson P. Jones ... [et al]. a2nd ed.International ed. a[Mason, Ohio] :bSouth-Western/Cengage Learning,c2012. a800 p. :bcol. ill. ;c31 cm. aRev. ed. of: Cornerstones of financial & managerial accounting / Jay S. Rich ... [et al.], 2010. Includes index. aBSBA aAccounting aAccountingxProblems, exercises, etc aManagerial accounting aManagerial accountingxProblems, exercises, etc aMowen, Maryanne M. aHansen, Don R. aHeitger, Dan L. aRich, Jay S.